00787 2200253 4500001002100000005001500021035002000036007000300056008004100059020002200100082001100122084001500133245016100148250001000309260004800319300003100367650003000398700001900428700001900447700002200466110002300488990001100511990001100522INLIS00000000000437420191031031455 a0010-1019000226ta191031 g 0 ind  a978-979-055-732-1 a297.98 a297.98 TET1 aTetangga Rasulullah di surga :bKisah Said bin Zaid dan Abu Ubaidah Bin Jarrah /cTim Syaamil Books; editor, Rohmat kurnia, Rani Yulianty, M. Yusuf Nursidiq acet.1 aBandung :bSygma Creative Media Corp,c2017 a48 hlm. :bilus. ;c27 cm. 4aISLAM. CERITA TOKOH ISLAM0 aROHMAT, kurnia0 aRANI, Yulianty0 aM, Yusuf Nursidiq aTIM, Syaamil Books a6942 a a6942 b